[Event "IV Open Internacional Municipi"]
[Site "?"]
[Date "2007.06.19"]
[Round "4.7"]
[White "Saborido Bua, Jorge"]
[Black "De La Villa Garcia, Jesus M"]
[Result "0-1"]
[WhiteElo "1990"]
[BlackElo "2457"]
[PlyCount "80"]
[EventDate "2007.06.16"]

1. e4 e6 2. d4 d5 3. Nc3 Bb4 4. exd5 exd5 5. Bd3 Nc6 6. Nge2 Be7 7. Be3 Nf6 8.
f3 O-O 9. Qd2 Nb4 10. O-O-O c6 11. g4 b5 12. Bf5 Bxf5 13. gxf5 Qd7 14. Rhg1 Kh8
15. Ng3 Rg8 16. Rde1 Rae8 17. Bf4 c5 18. Be5 c4 19. Nce2 Nxa2+ 20. Kb1 b4 21.
Bxf6 Bxf6 22. Kxa2 Qa4+ 23. Kb1 Rc8 24. Nc3 (24. Nh5 Rc6) 24... bxc3 25. Qxc3
Rc6 26. Nh5 Ra6 27. Kc1 Bh4 28. Ref1 Rh6 29. Nf4 Bg5 30. Rxg5 Qa1+ 31. Kd2
Rxh2+ 32. Ne2 Qxf1 33. Qe3 f6 34. Rg3 Qf2 35. Qxf2 Rxf2 36. Kd1 Rb8 37. f4 Rxb2
38. Re3 h5 39. Re7 Rb1+ 40. Kd2 h4 0-1